NBA TEAMS QUIZ - Statistics

General Stats
  • This quiz has been taken 23 times
  • The average score is 29 of 30
Answer Stats
Hint Answer % Correct
PHI 76ers
100%
MIL Bucks
100%
BOS Celtics
100%
MEM Grizzlies
100%
UTA Jazz
100%
SAC Kings
100%
NYK Knicks
100%
LAL Lakers
100%
DAL Mavericks
100%
BKN Nets
100%
DEN Nuggets
100%
IND Pacers
100%
DET Pistons
100%
TOR Raptors
100%
HOU Rockets
100%
PHX Suns
100%
OKC Thunder
100%
MIN Timberwolves
100%
CHI Bulls
95%
ATL Hawks
95%
MIA Heat
95%
CHA Hornets
95%
ORL Magic
95%
NOL Pelicans
95%
POR Trailblazers
95%
GSW Warriors
95%
CLE Cavaliers
90%
LAC Clippers
90%
SAS Spurs
90%
WAS Wizards
90%
No matching quizzes found
Score Distribution
Percent of People with Each Score
Percentile by Number Answered
Your Score History
You have not taken this quiz